|
|
|
|
| LEADER |
00870naa a2200193 i 4500 |
| 001 |
publ14064 |
| 005 |
20181123113517.0 |
| 008 |
181123s2018 hu o 0|| zxx d |
| 020 |
|
|
|a 9789633153826
|
| 024 |
7 |
|
|a 30323425
|2 mtmt
|
| 040 |
|
|
|a SZTE Publicatio Repozitórium
|b hun
|
| 041 |
|
|
|a zxx
|
| 100 |
1 |
|
|a Lénárt András
|
| 245 |
1 |
2 |
|a A magyar diktatúra a spanyol diktatúra filmjeiben – egy kommunistaellenes filmháború magyar vonatkozásai
|h [elektronikus dokumentum] /
|c Lénárt András
|
| 260 |
|
|
|a JATEPress Kiadó
|b Szeged
|c 2018
|
| 300 |
|
|
|a 9
|
| 300 |
|
|
|a 107-115
|
| 490 |
0 |
|
|a 25 év - 25 tanulmány. Fejezetek a Hispanisztika Tanszék történetéből. 1993-2018. 25 años - 25 ensayos. Capítulos de la historia del Departamento de Estudios Hispánicos. 1993-2018.
|
| 856 |
4 |
0 |
|u http://publicatio.bibl.u-szeged.hu/14064/1/Magyar%20diktatura.pdf
|z Dokumentum-elérés
|